[Event "CZE-chT2C 1314"]
[Site "Czech Republic"]
[Date "2013.12.15"]
[Round "4.7"]
[White "Motacek, Vladimir"]
[Black "Vesecky, Martin"]
[Result "1/2-1/2"]
[WhiteElo "2058"]
[BlackElo "2129"]
[PlyCount "126"]
[EventDate "2013.11.03"]
[EventType "team-tourn"]
[EventRounds "11"]
[EventCountry "CZE"]
[SourceTitle "EXT 2015"]
[Source "ChessBase"]
[SourceDate "2014.11.20"]
[SourceVersion "1"]
[SourceVersionDate "2014.11.20"]
[SourceQuality "1"]
[WhiteTeam "Jihlava Gambit"]
[BlackTeam "Kolin"]
[WhiteTeamCountry "CZE"]
[BlackTeamCountry "CZE"]

1. e4 c5 2. Nc3 Nc6 3. g3 g6 4. Bg2 Bg7 5. Nge2 d6 6. d3 e6 7. 0-0 Rb8 8. Be3 Nd4 9. Qd2 b5 10. Nd1 Bb7 11. f4 Ne7 12. c3 Ndc6 13. d4 cxd4 14. Nxd4 a6 15. Nf2 0-0 16. Rad1 d5 17. Nxc6 Bxc6 18. Bc5 Re8 19. Bxe7 Qxe7 20. exd5 Bxd5 21. Bxd5 Rbd8 22. Rfe1 Qc5 23. Qe3 Rxd5 24. Qxc5 Rxc5 25. Ne4 Rc6 26. Rd7 b4 27. cxb4 Rb8 28. Re2 Rxb4 29. Rd8+ Bf8 30. b3 Kg7 31. Rd7 h6 32. Kf2 Rc1 33. Nd6 Bxd6 34. Rxd6 a5 35. Ra6 Rb5 36. Ra7 Kf6 37. Rd2 g5 38. fxg5+ hxg5 39. g4 Kg6 40. Kg2 Re5 41. Ra6 Rce1 42. Rad6 R5e4 43. h3 f6 44. Rf2 Rf4 45. Rxf4 gxf4 46. Kf2 Re3 47. h4 e5 48. g5 Rh3 49. Rxf6+ Kg7 50. Rf5 Rxh4 51. Rxe5 Rh2+ 52. Kf3 Rxa2 53. Kxf4 a4 54. bxa4 Rxa4+ 55. Kf5 Ra6 56. Re7+ Kf8 57. Rb7 Rc6 58. Kg4 Ra6 59. Kh5 Rc6 60. g6 Rc1 61. Rf7+ Kg8 62. Rf5 Rg1 63. Kh6 Rh1+ 1/2-1/2

[Event "CZE-chT2C 1314"]
[Site "Czech Republic"]
[Date "2013.11.03"]
[Round "1.7"]
[White "Vesecky, Martin"]
[Black "Postupa, Martin"]
[Result "1-0"]
[WhiteElo "2129"]
[BlackElo "2053"]
[PlyCount "79"]
[EventDate "2013.11.03"]
[EventType "team-tourn"]
[EventRounds "11"]
[EventCountry "CZE"]
[SourceTitle "EXT 2015"]
[Source "ChessBase"]
[SourceDate "2014.11.20"]
[SourceVersion "1"]
[SourceVersionDate "2014.11.20"]
[SourceQuality "1"]
[WhiteTeam "Kolin"]
[BlackTeam "Lysa nad Labem III"]
[WhiteTeamCountry "CZE"]
[BlackTeamCountry "CZE"]

1. d4 d5 2. Nf3 e6 3. c4 Nf6 4. g3 Bb4+ 5. Bd2 Be7 6. Bg2 0-0 7. 0-0 c6 8. Qc2 b6 9. Ne5 Nfd7 10. Nd3 Bf6 11. cxd5 exd5 12. Bc3 Re8 13. Nf4 Nf8 14. e4 dxe4 15. d5 Bxc3 16. Nxc3 g5 17. Nxe4 f5 18. dxc6 fxe4 19. c7 Qd4 20. Rad1 Qc5 21. Qb3+ Kg7 22. cxb8Q Rxb8 23. Rd5 Qe7 24. Qc3+ Kf7 25. Nh5 Kg6 26. h4 h6 27. Qh8 Nh7 28. Nf4+ gxf4 29. h5+ Kf7 30. Qxh7+ Kf8 31. Qxh6+ Kf7 32. Qg6+ Kf8 33. Rg5 Qf7 34. Qh6+ Ke7 35. Rg7 Rf8 36. Rd1 Be6 37. Bxe4 fxg3 38. Qg5+ Ke8 39. Bc6+ Bd7 40. Re1+ 1-0

[Event "Pardubice Czech op-B 24th"]
[Site "Pardubice"]
[Date "2013.07.27"]
[Round "9"]
[White "Mostertman, Milan"]
[Black "Vesecky, Martin"]
[Result "1-0"]
[WhiteElo "2280"]
[BlackElo "2119"]
[PlyCount "69"]
[EventDate "2013.07.19"]
[EventType "swiss"]
[EventRounds "9"]
[EventCountry "CZE"]
[SourceTitle "CBM 155 Extra"]
[Source "ChessBase"]
[SourceDate "2013.08.26"]
[SourceVersion "1"]
[SourceVersionDate "2013.08.26"]
[SourceQuality "1"]

1. e4 c5 2. Nf3 Nf6 3. Nc3 d5 4. exd5 Nxd5 5. Bb5+ Nc6 6. Ne5 Nxc3 7. dxc3 Qxd1+ 8. Kxd1 Bd7 9. Bxc6 Bxc6 10. Nxc6 bxc6 11. Be3 0-0-0+ 12. Ke2 e5 13. Rhd1 Be7 14. f3 f5 15. Rd3 Rd7 16. Rxd7 Kxd7 17. Kd3 Ke6 18. Kc4 Rd8 19. Bxc5 Bxc5 20. Kxc5 Rd2 21. Rc1 Rxg2 22. Kxc6 Rxh2 23. c4 e4 24. fxe4 fxe4 25. c5 Rd2 26. Kb7 Rd7+ 27. Kc8 Re7 28. c4 e3 29. Re1 Re8+ 30. Kc7 Re7+ 31. Kd8 Rd7+ 32. Kc8 Rd3 33. c6 Kf5 34. c7 Rd4 35. b3 1-0

[Event "Ricany op"]
[Site "Ricany"]
[Date "2012.09.01"]
[Round "8"]
[White "Mrna, Vladimir"]
[Black "Vesecky, Martin"]
[Result "0-1"]
[WhiteElo "2045"]
[BlackElo "2114"]
[PlyCount "56"]
[EventDate "2012.08.26"]
[EventType "swiss"]
[EventRounds "9"]
[EventCountry "CZE"]
[SourceTitle "CBM 150 Extra"]
[Source "ChessBase"]
[SourceDate "2012.10.19"]
[SourceVersion "1"]
[SourceVersionDate "2012.10.19"]
[SourceQuality "1"]

1. c4 Nf6 2. Nf3 g6 3. d4 Bg7 4. g3 0-0 5. Bg2 c5 6. 0-0 d6 7. Nc3 Nbd7 8. b3 cxd4 9. Nxd4 a5 10. h3 Nc5 11. e4 Qb6 12. Be3 a4 13. Rb1 axb3 14. axb3 Qb4 15. Ndb5 Ncd7 16. Nc7 Qxc3 17. Nxa8 Nc5 18. Nc7 Ncxe4 19. Bxe4 Nxe4 20. Nd5 Qe5 21. f4 Qe6 22. Qf3 b5 23. g4 Bb7 24. f5 Qe5 25. Bf4 Qd4+ 26. Be3 Qe5 27. Bf4 Qd4+ 28. Be3 Qe5 0-1

[Event "Ricany op"]
[Site "Ricany"]
[Date "2012.08.30"]
[Round "6"]
[White "Vesselovsky, Serguei"]
[Black "Vesecky, Martin"]
[Result "1/2-1/2"]
[WhiteElo "2360"]
[BlackElo "2114"]
[PlyCount "103"]
[EventDate "2012.08.26"]
[EventType "swiss"]
[EventRounds "9"]
[EventCountry "CZE"]
[SourceTitle "CBM 150 Extra"]
[Source "ChessBase"]
[SourceDate "2012.10.19"]
[SourceVersion "1"]
[SourceVersionDate "2012.10.19"]
[SourceQuality "1"]

1. e4 c5 2. Nf3 Nf6 3. e5 Nd5 4. g3 Nc6 5. Bg2 e6 6. 0-0 Be7 7. Re1 0-0 8. d4 b5 9. dxc5 Bb7 10. Nbd2 Bxc5 11. c4 bxc4 12. Nxc4 f6 13. Nd6 Bxf2+ 14. Kxf2 Qb6+ 15. Be3 Nxe3 16. Rxe3 Nxe5 17. h3 Bd5 18. Nf5 Bxf3 19. Bxf3 Nxf3 20. Ne7+ Kf7 21. Nd5 Qxb2+ 22. Kxf3 Qb7 23. Rb1 Qxd5+ 24. Qxd5 exd5 25. Rb7 Rfd8 26. Ra3 Ke6 27. Ke3 a5 28. Rb5 Rdc8 29. Rd3 Rc2 30. Rbxd5 Ra7 31. a4 Rc4 32. R3d4 Rxd4 33. Kxd4 d6 34. Rb5 f5 35. g4 g6 36. gxf5+ gxf5 37. Ke3 Rg7 38. Kf4 Rg1 39. Rxa5 Rf1+ 40. Kg3 d5 41. Ra8 d4 42. a5 Kd5 43. a6 Kc5 44. a7 Kb6 45. Rd8 Kxa7 46. Rxd4 Kb6 47. Rh4 Kc6 48. Rxh7 Kd6 49. Ra7 Ke6 50. Ra8 Kf6 51. Rf8+ Kg7 52. Ra8 1/2-1/2

[Event "Ricany op"]
[Site "Ricany"]
[Date "2012.08.29"]
[Round "5"]
[White "Vesecky, Martin"]
[Black "Chudinovskih, Alexander N"]
[Result "1/2-1/2"]
[WhiteElo "2114"]
[BlackElo "2248"]
[PlyCount "118"]
[EventDate "2012.08.26"]
[EventType "swiss"]
[EventRounds "9"]
[EventCountry "CZE"]
[SourceTitle "CBM 150 Extra"]
[Source "ChessBase"]
[SourceDate "2012.10.19"]
[SourceVersion "1"]
[SourceVersionDate "2012.10.19"]
[SourceQuality "1"]

1. d4 Nf6 2. Nf3 e6 3. c4 c5 4. d5 exd5 5. cxd5 d6 6. Nc3 g6 7. g3 Bg7 8. Bg2 0-0 9. 0-0 a6 10. a4 Nbd7 11. Bf4 Qe7 12. Qd2 Ng4 13. e4 Rb8 14. a5 b5 15. axb6 Rxb6 16. Rfe1 Nde5 17. Nxe5 Nxe5 18. Rab1 Bd7 19. b3 Rfb8 20. Qc2 Qf6 21. Nd1 Bb5 22. Nb2 g5 23. Bxe5 Qxe5 24. Nc4 Bxc4 25. Qxc4 Qc3 26. Qa4 Rxb3 27. Rbc1 Qd4 28. Qxa6 Rb2 29. Rf1 Be5 30. Qc6 h6 31. Qd7 Ra2 32. Rcd1 Rd2 33. Bf3 c4 34. Qc7 Ra8 35. Bh5 c3 36. Qxf7+ Kh8 37. Ra1 Rg8 38. Bg6 Bg7 39. Bf5 Qf6 40. Qc7 Rd8 41. Rac1 Rf8 42. Kg2 Qe5 43. Qc4 Qd4 44. Qxd4 Bxd4 45. Rcd1 Rxd1 46. Rxd1 Be5 47. Rc1 Rb8 48. Kf3 Bd4 49. Ke2 Rb2+ 50. Kd3 Rd2+ 51. Kc4 Be5 52. f4 gxf4 53. gxf4 Bxf4 54. Rxc3 Rxh2 55. Kb5 Kg7 56. Kc6 Rg2 57. Kd7 Kf6 58. Rf3 Rg7+ 59. Kc6 Be5 1/2-1/2

[Event "CZE-chT2C 1112"]
[Site "Czech Republic"]
[Date "2012.04.22"]
[Round "11.5"]
[White "Vesecky, Martin"]
[Black "Krouzel, Jaroslav"]
[Result "0-1"]
[WhiteElo "2087"]
[BlackElo "2133"]
[PlyCount "50"]
[EventDate "2011.10.09"]
[EventType "team-tourn"]
[EventRounds "11"]
[EventCountry "CZE"]
[SourceTitle "EXT 2013"]
[Source "ChessBase"]
[SourceDate "2012.11.22"]
[SourceVersion "1"]
[SourceVersionDate "2012.11.22"]
[SourceQuality "1"]
[WhiteTeam "Kolin"]
[BlackTeam "Pankrac II"]
[WhiteTeamCountry "CZE"]
[BlackTeamCountry "CZE"]

1. d4 f5 2. c4 Nf6 3. Nc3 d6 4. g3 g6 5. Bg2 Bg7 6. Nf3 0-0 7. 0-0 Qe8 8. b3 Na6 9. Bb2 c6 10. Nd2 e5 11. dxe5 dxe5 12. e4 f4 13. Qe2 g5 14. f3 fxg3 15. hxg3 Nh5 16. Kh2 Qg6 17. Qe1 Nb4 18. Qd1 g4 19. Ne2 Be6 20. a3 Nd3 21. Bc3 Qh6 22. Kg1 Qe3+ 23. Kh2 Rf6 24. fxg4 Rh6 25. Bh3 Bxg4 0-1

[Event "CZE-chT2C 1112"]
[Site "Czech Republic"]
[Date "2012.02.05"]
[Round "7.6"]
[White "Starek, Stanislav"]
[Black "Vesecky, Martin"]
[Result "1-0"]
[WhiteElo "1978"]
[BlackElo "2087"]
[PlyCount "67"]
[EventDate "2011.10.09"]
[EventType "team-tourn"]
[EventRounds "11"]
[EventCountry "CZE"]
[SourceTitle "EXT 2013"]
[Source "ChessBase"]
[SourceDate "2012.11.22"]
[SourceVersion "1"]
[SourceVersionDate "2012.11.22"]
[SourceQuality "1"]
[WhiteTeam "Ricany"]
[BlackTeam "Kolin"]
[WhiteTeamCountry "CZE"]
[BlackTeamCountry "CZE"]

1. d4 Nf6 2. c4 c5 3. d5 e6 4. Nc3 exd5 5. cxd5 d6 6. Nf3 g6 7. Nd2 a6 8. a4 Bg7 9. e4 0-0 10. Be2 Re8 11. 0-0 Nbd7 12. Re1 b6 13. Bf1 Rb8 14. f4 Qc7 15. g4 h6 16. h3 Nh7 17. Nf3 Qd8 18. Bd3 Bb7 19. Ra3 g5 20. Ne2 gxf4 21. Bxf4 Ndf6 22. Ng3 Bc8 23. e5 dxe5 24. Nxe5 Bb7 25. Bxh7+ Kxh7 26. d6 Nd5 27. Nxf7 Qf6 28. Rxe8 Rxe8 29. d7 Rf8 30. d8Q Rxd8 31. Nxd8 Qxf4 32. Nxb7 Bd4+ 33. Kh1 Ne3 34. Qd3+ 1-0

[Event "Ricany op-A"]
[Site "Ricany"]
[Date "2011.08.23"]
[Round "5"]
[White "Feierfeil, Jiri"]
[Black "Vesecky, Martin"]
[Result "0-1"]
[WhiteElo "1858"]
[BlackElo "2083"]
[PlyCount "76"]
[EventDate "2011.08.20"]
[EventType "swiss"]
[EventRounds "9"]
[EventCountry "CZE"]
[SourceTitle "CBM 144 Extra"]
[Source "ChessBase"]
[SourceDate "2011.10.28"]
[SourceVersion "1"]
[SourceVersionDate "2011.10.28"]
[SourceQuality "1"]

1. d4 Nf6 2. c4 c5 3. d5 e6 4. Nc3 exd5 5. cxd5 d6 6. e4 g6 7. Bd3 Bg7 8. Nge2 0-0 9. 0-0 Re8 10. h3 Na6 11. a3 Nc7 12. Rb1 b5 13. Ng3 c4 14. Bc2 Rb8 15. b3 Nd7 16. Bb2 cxb3 17. Bxb3 Nc5 18. Bc2 Ba6 19. Re1 b4 20. axb4 Rxb4 21. Ba1 Rd4 22. Qf3 Rd2 23. Ba4 Bd4 24. Nce2 Rd3 25. Qf4 Be5 26. Bxe5 dxe5 27. Qc1 Nxa4 28. Qc2 Nb6 29. Rec1 Ncxd5 30. exd5 Qxd5 31. Nc3 Qc4 32. Nge4 Red8 33. g4 Bb7 34. Qb2 Bxe4 35. Nxe4 Qxe4 36. Rc8 Nxc8 37. Qb8 Rb3 38. Qxc8 Rxc8 0-1

[Event "Ricany op-A"]
[Site "Ricany"]
[Date "2011.08.21"]
[Round "3"]
[White "Gregor, Jiri"]
[Black "Vesecky, Martin"]
[Result "1-0"]
[WhiteElo "2262"]
[BlackElo "2083"]
[PlyCount "62"]
[EventDate "2011.08.20"]
[EventType "swiss"]
[EventRounds "9"]
[EventCountry "CZE"]
[SourceTitle "CBM 144 Extra"]
[Source "ChessBase"]
[SourceDate "2011.10.28"]
[SourceVersion "1"]
[SourceVersionDate "2011.10.28"]
[SourceQuality "1"]

1. d4 Nf6 2. c4 c5 3. d5 e6 4. Nc3 exd5 5. cxd5 d6 6. e4 g6 7. Bd3 Bg7 8. h3 0-0 9. Nf3 Na6 10. 0-0 Nc7 11. Re1 Rb8 12. a4 b6 13. Bf4 a6 14. Bf1 b5 15. axb5 axb5 16. e5 dxe5 17. Nxe5 Bb7 18. Nc6 Bxc6 19. dxc6 Rc8 20. Nxb5 Nxb5 21. Bxb5 Qb6 22. Qb3 Rxc6 23. Ra6 Qxa6 24. Bxa6 Rxa6 25. Qb7 Ra4 26. Bd6 Rb4 27. Qc6 Rd8 28. Re2 Rc4 29. g4 h6 30. Kg2 Ne4 31. Bc7 Rdd4 1-0

[Event "Pardubice Czech op 22nd"]
[Site "Pardubice"]
[Date "2011.07.25"]
[Round "4"]
[White "Lambrechts, Koen"]
[Black "Vesecky, Martin"]
[Result "1-0"]
[WhiteElo "2255"]
[BlackElo "2083"]
[PlyCount "65"]
[EventDate "2011.07.22"]
[EventType "swiss"]
[EventRounds "9"]
[EventCountry "CZE"]
[SourceTitle "CBM 143 Extra"]
[Source "ChessBase"]
[SourceDate "2011.08.29"]
[SourceVersion "1"]
[SourceVersionDate "2011.08.29"]
[SourceQuality "1"]

1. e4 c5 2. Nf3 e6 3. d4 cxd4 4. Nxd4 Nf6 5. Nc3 Nc6 6. Nxc6 bxc6 7. e5 Nd5 8. Ne4 Qc7 9. f4 Qb6 10. c4 Bb4+ 11. Ke2 f5 12. Ng5 Ba6 13. Kf3 Ne7 14. a3 h6 15. Nh3 g5 16. axb4 g4+ 17. Kg3 gxh3 18. Kxh3 Bb7 19. Qe1 c5 20. Be3 Ng6 21. bxc5 Qxb2 22. Rb1 Qc2 23. Rxb7 Qe4 24. Rb1 Rg8 25. Rg1 Kf7 26. g3 Rab8 27. Rxb8 Nxf4+ 28. gxf4 Rxg1 29. Qf2 Rxf1 30. Qxf1 Qxe3+ 31. Kg2 Qe4+ 32. Qf3 Qc2+ 33. Kh3 1-0

[Event "Nachod op 9th"]
[Site "Nachod"]
[Date "2011.07.08"]
[Round "7"]
[White "Machan, Jan"]
[Black "Vesecky, Martin"]
[Result "1/2-1/2"]
[WhiteElo "2012"]
[BlackElo "2083"]
[PlyCount "67"]
[EventDate "2011.07.02"]
[EventType "swiss"]
[EventRounds "9"]
[EventCountry "CZE"]
[SourceTitle "EXT 2012"]
[Source "ChessBase"]
[SourceDate "2011.11.24"]
[SourceVersion "1"]
[SourceVersionDate "2011.11.24"]
[SourceQuality "1"]

1. e4 c5 2. c3 d5 3. exd5 Qxd5 4. d4 e6 5. Nf3 Nf6 6. Be2 Be7 7. 0-0 0-0 8. Na3 Nc6 9. Nc2 b6 10. Be3 cxd4 11. Ncxd4 Bb7 12. c4 Qd7 13. Nb5 Rfd8 14. Qxd7 Rxd7 15. Rfd1 Rad8 16. Rxd7 Rxd7 17. Rd1 Kf8 18. a3 Rxd1+ 19. Bxd1 Bc5 20. Bxc5+ bxc5 21. Nd2 Ke7 22. Bf3 a6 23. Na7 Nd8 24. Bxb7 Nxb7 25. Nc8+ Kd7 26. Nb6+ Kd6 27. b4 cxb4 28. axb4 a5 29. bxa5 Nxa5 30. Na4 Ke5 31. Nf3+ Kf4 32. Nb2 Nd7 33. Kf1 h6 34. Ke2 1/2-1/2

[Event "Nachod op 9th"]
[Site "Nachod"]
[Date "2011.07.03"]
[Round "2.2"]
[White "Koziak, Vitali"]
[Black "Vesecky, Martin"]
[Result "1-0"]
[WhiteElo "2484"]
[BlackElo "2083"]
[PlyCount "63"]
[EventDate "2011.07.02"]
[EventType "swiss"]
[EventRounds "9"]
[EventCountry "CZE"]
[SourceTitle "EXT 2012"]
[Source "ChessBase"]
[SourceDate "2011.11.24"]
[SourceVersion "1"]
[SourceVersionDate "2011.11.24"]
[SourceQuality "1"]

1. d4 Nf6 2. c4 c5 3. d5 e6 4. Nc3 exd5 5. cxd5 d6 6. e4 g6 7. f4 Bg7 8. Bb5+ Nfd7 9. Be2 0-0 10. Nf3 Na6 11. 0-0 Nc7 12. Kh1 a6 13. a4 b6 14. Nd2 Rb8 15. Nc4 Nf6 16. Be3 Re8 17. Bf3 b5 18. axb5 axb5 19. Nxd6 Qxd6 20. e5 Qb6 21. d6 Nd7 22. dxc7 Qxc7 23. Bd5 Nf8 24. Ne4 Ne6 25. b4 cxb4 26. Ra7 Qd8 27. Qb3 Re7 28. Rd1 Rd7 29. Rxd7 Qxd7 30. Bxe6 Qxe6 31. Rd8+ Bf8 32. Qxb4 1-0

[Event "Nachod op 9th"]
[Site "Nachod"]
[Date "2011.07.02"]
[Round "1.30"]
[White "Hovad, Vaclav"]
[Black "Vesecky, Martin"]
[Result "0-1"]
[WhiteElo "1737"]
[BlackElo "2083"]
[PlyCount "62"]
[EventDate "2011.07.02"]
[EventType "swiss"]
[EventRounds "9"]
[EventCountry "CZE"]
[SourceTitle "EXT 2012"]
[Source "ChessBase"]
[SourceDate "2011.11.24"]
[SourceVersion "1"]
[SourceVersionDate "2011.11.24"]
[SourceQuality "1"]

1. d4 Nf6 2. c4 c5 3. Nf3 cxd4 4. Nxd4 Nc6 5. Nxc6 bxc6 6. Bg5 e6 7. a3 Be7 8. Nc3 0-0 9. e3 d5 10. cxd5 cxd5 11. Be2 Qb6 12. Qc2 Ba6 13. 0-0 Bxe2 14. Qxe2 Rab8 15. b4 Rfc8 16. Rac1 Rc4 17. Rc2 Qc7 18. Rfc1 Rc8 19. Qd3 a5 20. e4 dxe4 21. Qd2 axb4 22. Nb5 Rxc2 23. Nxc7 Rxd2 24. Bxd2 bxa3 25. Nb5 Rxc1+ 26. Bxc1 a2 27. Bb2 Nd5 28. Nd4 Bf6 29. Ba1 Nb4 30. Kf1 Bxd4 31. Bxd4 Nc2 0-1

[Event "Ricany op"]
[Site "Ricany"]
[Date "2010.08.25"]
[Round "6"]
[White "Rut, Vojtech"]
[Black "Vesecky, Martin"]
[Result "1-0"]
[WhiteElo "1972"]
[BlackElo "2026"]
[PlyCount "38"]
[EventDate "2010.08.21"]
[EventType "swiss"]
[EventRounds "9"]
[EventCountry "CZE"]
[SourceTitle "EXT 2022"]
[Source "ChessBase"]
[SourceDate "2021.10.06"]
[SourceVersion "1"]
[SourceVersionDate "2021.10.06"]
[SourceQuality "1"]

1. d4 Nf6 2. Bg5 Ne4 3. h4 c5 4. d5 Qb6 5. Nd2 Nxg5 6. hxg5 Qxb2 7. e3 d6 8. g6 fxg6 9. Bd3 Bf5 10. e4 Bd7 11. Rb1 Qxa2 12. Rxb7 e5 13. dxe6 Qxe6 14. Ne2 Nc6 15. Nf4 Qf7 16. Nd5 Rb8 17. Rxb8+ Nxb8 18. Bc4 Qe6 19. Qb1 Nc6 1-0

[Event "Ricany op"]
[Site "Ricany"]
[Date "2010.08.23"]
[Round "4"]
[White "Balacek, Tadeas"]
[Black "Vesecky, Martin"]
[Result "1-0"]
[WhiteElo "2096"]
[BlackElo "2026"]
[PlyCount "69"]
[EventDate "2010.08.21"]
[EventType "swiss"]
[EventRounds "9"]
[EventCountry "CZE"]
[SourceTitle "EXT 2022"]
[Source "ChessBase"]
[SourceDate "2021.10.06"]
[SourceVersion "1"]
[SourceVersionDate "2021.10.06"]
[SourceQuality "1"]

1. d4 Nf6 2. c4 c5 3. d5 e6 4. Nc3 exd5 5. cxd5 d6 6. Nf3 g6 7. Nd2 Bg7 8. e4 0-0 9. Be2 Na6 10. 0-0 Nc7 11. a4 b6 12. f3 Rb8 13. Nb5 a6 14. Na7 Bd7 15. Nc4 Qe7 16. Bg5 b5 17. Na5 Qe5 18. Qd2 bxa4 19. N7c6 Qxb2 20. Nxb8 Rxb8 21. Nc4 Qxd2 22. Bxd2 Nb5 23. Rfb1 Re8 24. Bd3 Nh5 25. Rxa4 Nc3 26. Bxc3 Bxa4 27. Bxg7 Kxg7 28. Nxd6 Rd8 29. Nb7 Rc8 30. Bxa6 f5 31. Bb5 Bxb5 32. Rxb5 Rb8 33. d6 Nf4 34. Rxc5 Ne6 35. Rc7+ 1-0

[Event "Ricany op"]
[Site "Ricany"]
[Date "2010.08.22"]
[Round "3"]
[White "Vesecky, Martin"]
[Black "Vybiral, Zdenek"]
[Result "0-1"]
[WhiteElo "2026"]
[BlackElo "2232"]
[PlyCount "68"]
[EventDate "2010.08.21"]
[EventType "swiss"]
[EventRounds "9"]
[EventCountry "CZE"]
[SourceTitle "EXT 2022"]
[Source "ChessBase"]
[SourceDate "2021.10.06"]
[SourceVersion "1"]
[SourceVersionDate "2021.10.06"]
[SourceQuality "1"]

1. e4 e6 2. d4 d5 3. Nd2 Nf6 4. e5 Nfd7 5. f4 c5 6. Ndf3 Nc6 7. Ne2 f6 8. exf6 Qxf6 9. g3 cxd4 10. Nexd4 Nxd4 11. Qxd4 Bc5 12. Qxf6 gxf6 13. Bh3 Nb6 14. Bd2 Nc4 15. Bc3 0-0 16. 0-0-0 Bd7 17. Rhe1 Rae8 18. Nd4 f5 19. Bg2 Nd6 20. Nb3 b6 21. Be5 Nc4 22. Nxc5 bxc5 23. b3 Nxe5 24. Rxe5 Rc8 25. c4 d4 26. b4 cxb4 27. Rxd4 Bc6 28. Bf1 Kf7 29. Kb2 Rfd8 30. Rxd8 Rxd8 31. Rc5 Be4 32. Rc7+ Kg6 33. Rxa7 Rd1 34. Bh3 Rb1# 0-1

[Event "Prague Golden op"]
[Site "Prague"]
[Date "2010.07.??"]
[Round "7"]
[White "Pokorny, Milan"]
[Black "Vesecky, Martin"]
[Result "0-1"]
[WhiteElo "2160"]
[BlackElo "2025"]
[PlyCount "78"]
[EventDate "2010.07.??"]
[EventType "swiss"]
[EventRounds "9"]
[EventCountry "CZE"]
[SourceTitle "EXT 2012"]
[Source "ChessBase"]
[SourceDate "2011.11.24"]
[SourceVersion "1"]
[SourceVersionDate "2011.11.24"]
[SourceQuality "1"]

1. e4 e5 2. Nf3 Nc6 3. Bb5 a6 4. Ba4 Nf6 5. 0-0 b5 6. Bb3 Bb7 7. Re1 Bc5 8. c3 d6 9. d4 Bb6 10. Bg5 h6 11. Bh4 Qd7 12. dxe5 Nxe5 13. Nxe5 dxe5 14. Bxf6 Qxd1 15. Rxd1 gxf6 16. Nd2 Ke7 17. Kf1 Rad8 18. f3 Rhg8 19. Bc2 Rg6 20. g3 h5 21. Ke2 Bc8 22. Nf1 Bg1 23. Ne3 Bxh2 24. Nd5+ Rxd5 25. exd5 Rxg3 26. Rf1 Bh3 27. Rf2 Bg1 28. Rxg1 Rxg1 29. Rh2 Rg2+ 30. Rxg2 Bxg2 31. Bf5 h4 32. Kf2 h3 33. Bd3 Kd6 34. a4 Kxd5 35. axb5 axb5 36. Bxb5 f5 37. b3 e4 38. Bc4+ Ke5 39. fxe4 fxe4 0-1

[Event "Prague Golden op"]
[Site "Prague"]
[Date "2010.07.??"]
[Round "3"]
[White "Pribyl, Josef"]
[Black "Vesecky, Martin"]
[Result "1/2-1/2"]
[WhiteElo "2325"]
[BlackElo "2025"]
[PlyCount "70"]
[EventDate "2010.07.??"]
[EventType "swiss"]
[EventRounds "9"]
[EventCountry "CZE"]
[SourceTitle "EXT 2012"]
[Source "ChessBase"]
[SourceDate "2011.11.24"]
[SourceVersion "1"]
[SourceVersionDate "2011.11.24"]
[SourceQuality "1"]

1. c4 Nf6 2. Nf3 g6 3. b3 Bg7 4. Bb2 0-0 5. g3 c5 6. Bg2 Nc6 7. Nc3 e6 8. d4 d5 9. cxd5 exd5 10. 0-0 Ne4 11. Na4 b6 12. Rc1 Bb7 13. dxc5 Bxb2 14. Nxb2 bxc5 15. Nd2 Qe7 16. Na4 Rad8 17. Nxe4 dxe4 18. Qe1 Rd5 19. Qc3 Nd4 20. Rfe1 Ba6 21. Qe3 f5 22. f3 f4 23. gxf4 Rh5 24. fxe4 Qh4 25. Qg3 Nxe2+ 26. Rxe2 Bxe2 27. Nc3 Ba6 28. Nd5 Bb7 29. Bf3 Rh6 30. Rxc5 Bxd5 31. exd5 Qf6 32. Rc2 Qd4+ 33. Kg2 Rxf4 34. Rc8+ Kg7 35. Rc7+ Kg8 1/2-1/2

[Event "Prague Golden op"]
[Site "Prague"]
[Date "2010.07.??"]
[Round "4"]
[White "Vesecky, Martin"]
[Black "Kohout, Vratislav"]
[Result "0-1"]
[WhiteElo "2025"]
[BlackElo "2195"]
[PlyCount "52"]
[EventDate "2010.07.??"]
[EventType "swiss"]
[EventRounds "9"]
[EventCountry "CZE"]
[SourceTitle "EXT 2012"]
[Source "ChessBase"]
[SourceDate "2011.11.24"]
[SourceVersion "1"]
[SourceVersionDate "2011.11.24"]
[SourceQuality "1"]

1. e4 e6 2. d4 d5 3. Nd2 Nc6 4. Ngf3 Nf6 5. e5 Nd7 6. c3 f6 7. exf6 Qxf6 8. Be2 Bd6 9. 0-0 0-0 10. Nb3 b6 11. Bg5 Qf7 12. Qd2 Bb7 13. Rae1 Rae8 14. Nc1 e5 15. dxe5 Ncxe5 16. Nd4 c5 17. Nb5 Bb8 18. f4 Ng6 19. Bh5 Rxe1 20. Rxe1 Nf6 21. Bxf6 Qxf6 22. g3 a6 23. Na3 Bxf4 24. gxf4 Nxf4 25. Bg4 h5 26. Bd1 Qg5+ 0-1

[Event "Prague Golden op"]
[Site "Prague"]
[Date "2010.07.??"]
[Round "9"]
[White "Vesecky, Martin"]
[Black "Kovar, Josef"]
[Result "1-0"]
[WhiteElo "2025"]
[BlackElo "2045"]
[PlyCount "71"]
[EventDate "2010.07.??"]
[EventType "swiss"]
[EventRounds "9"]
[EventCountry "CZE"]
[SourceTitle "EXT 2012"]
[Source "ChessBase"]
[SourceDate "2011.11.24"]
[SourceVersion "1"]
[SourceVersionDate "2011.11.24"]
[SourceQuality "1"]

1. e4 c5 2. Nf3 g6 3. d4 cxd4 4. Nxd4 Bg7 5. c4 Nf6 6. Nc3 d6 7. Be2 Nc6 8. Be3 0-0 9. 0-0 Bd7 10. Nc2 a5 11. f3 a4 12. Qd2 Qa5 13. b4 Qd8 14. Rab1 Ne5 15. Rfd1 Qc7 16. c5 Rfc8 17. Nd5 Nxd5 18. exd5 h5 19. Nd4 Qd8 20. h3 dxc5 21. bxc5 Rxc5 22. Ne6 Bxe6 23. Bxc5 Bf5 24. Rxb7 Qc8 25. Qb4 Nd7 26. Bxe7 Bc3 27. Qb5 Bc2 28. Qxd7 Bxd1 29. Qxc8+ Rxc8 30. Bxd1 Be5 31. Bxa4 Bg3 32. Kf1 Rc4 33. Bb3 Rd4 34. a4 Rd3 35. Ke2 Rd4 36. Bf6 1-0

[Event "Prague Golden op"]
[Site "Prague"]
[Date "2010.07.??"]
[Round "2"]
[White "Vesecky, Martin"]
[Black "Kovar, Vojtech"]
[Result "0-1"]
[WhiteElo "2025"]
[BlackElo "2340"]
[PlyCount "98"]
[EventDate "2010.07.??"]
[EventType "swiss"]
[EventRounds "9"]
[EventCountry "CZE"]
[SourceTitle "EXT 2012"]
[Source "ChessBase"]
[SourceDate "2011.11.24"]
[SourceVersion "1"]
[SourceVersionDate "2011.11.24"]
[SourceQuality "1"]

1. e4 c5 2. Nf3 d6 3. d4 cxd4 4. Nxd4 Nf6 5. Nc3 Nc6 6. Bg5 Bd7 7. Bxf6 gxf6 8. Be2 Qa5 9. 0-0 Nxd4 10. Qxd4 Qc5 11. Qd3 e6 12. Kh1 h5 13. f4 a6 14. Rad1 Bc6 15. Bf3 0-0-0 16. e5 f5 17. b4 Qb6 18. Bxc6 bxc6 19. Na4 Qb5 20. Nc5 Qxd3 21. Nxd3 d5 22. c3 Kc7 23. Kg1 Be7 24. Kf2 Rhg8 25. Rd2 Rb8 26. Ke3 a5 27. a3 c5 28. Ra1 c4 29. Ne1 Kc6 30. Nf3 Kd7 31. Nd4 Ra8 32. Rb1 Rgb8 33. Rdb2 axb4 34. axb4 Ra3 35. Kd2 Rg8 36. g3 h4 37. Ne2 Bd8 38. Ke1 Bb6 39. Kf1 Kc6 40. gxh4 Rg4 41. h3 Rxh4 42. Kg2 Kb5 43. Rc2 Rh8 44. Rh1 Raa8 45. Kf3 Ra3 46. Kg2 Rg8+ 47. Kf1 Be3 48. h4 Ra1+ 49. Nc1 Bxc1 0-1